000 01223nam a2200313 4500
001 0000020507
003 CO-CtgCURN
005 20250513161420.0
007 ta
008 160627s2001 000 0 eng d
020 _a8476986173
040 _aCO-CtgCURN
_bspa
_ccoctgcurn
082 0 _a345.04
_bC215c
100 1 _aCancio Melia, Manuel.
245 1 0 _aConducta de la victima e imputacion objetiva en derecho penal :
_bestudio sobre los ambitos de responsabilidad de victima y autor en actividades arriesgadas /
_cManuel Cancio Melia , prologo de Agustin Jorge Barreiro.
250 _a2a. ed.
260 _aBarcelona :
_bJosé María Bosch Editor,
_c2001.
300 _a446 p.
336 _2rdacontent
337 _2rdamedia
_asin mediacion
_bn
338 _2rdacarrier
_avolumen
_bnc
504 _aBibliografia (p. 393-438)
505 8 _aAlgunos presupuestos del análisis.--Modelos dogmaticos de solucion en doctrina y jurisprudencia.--La victima en el sistema de imputacion objetiva
650 1 4 _aResponsabilidad penal.
700 1 _aBarreiro, Agustin Jorge.
908 _a160627
942 _cBK
_h345.04
_iC215c
_2ddc
_n0
999 _c19825
_d19825